| 000 | 00458nam a22001217a 4500 | ||
|---|---|---|---|
| 999 |
_c18736 _d18736 |
||
| 008 | 210203b xxu||||| |||| 00| 0 eng d | ||
| 050 |
_aGMB0986 _b.K57 2016 c.1 |
||
| 100 | _aKiprop, Isaac Kiprono | ||
| 245 |
_aEffect of selected bank delivery channels and support infrastructure on profitability of commercial banks in Kenya _cIsaac Kiprono Kiprop |
||
| 260 |
_aKabarak, Nakuru, Kenya _bKabarak University _c2016 |
||
| 300 | _a135 leaves | ||
| 942 |
_2lcc _cTHE |
||